• 首页
  • 本馆介绍
  • 公告通知
  • 最新文献
  • 馆藏检索
  • 电子资源
  • 读者导购
  • 参考咨询
  • 我的图书馆
  • 登录
  • 期刊详细显示
  • 现刊情况显示
  • 合订本情况显示
  • 篇目信息显示

期刊信息

  • 表格格式
  • 工作单格式
  • 卡片格式
索取号 
C5/KFD
题名 
开封大学学报
作者 
分册号 
分册名 
出版地 
开封
出版者 
该刊编辑部
标准刊号 
1008-343X
出版频率 
季刊
中图法分类 
Z
主题词 
社会科学 连续出版物; 文集; 丛书
电子资源 
000 00737nas0 2200313 45
001 1196370002
005 20070712082215.62
011    @a1008-343X@d年价¥10.00(1996)
100    @a19951228 199 9999ek y0chiy0120 ea
101 0  @achi
102    @aCN@b110000
105    @ay z 000yy
200 1  @a开封大学学报@i社科版
207  0 @a~=总~
210    @a开封@b(邮码)@c该刊编辑部@d199~
215    @d26cm
326    @a季刊
517 1  @a社科版@AShe Ke Ban
541 1  @aJournal of Kaifeng University@zeng
606 0  @a社会科学@x连续出版物
606 0  @x文集
606 0  @x丛书
690    @aZ@v3
690    @aC5@v4
692    @v2
701  0 @4主编
711 02 @4主办
801  0 @aCN@bPFT@c20070712
905    @a1@cQ@dC5@eKFD
    
    开封大学学报.社科版.-~=总~.-开封((邮码)):该刊编辑部,199~
    26cm
    
    
    ISSN 1008-343X:年价¥10.00(1996)
    
●
相关链接: 在易读查询期刊 在中国知网中查询期刊 在万方数据查询期刊 在维普查询期刊
唐山师范学院图书馆 欢迎您!
大连网信软件有限公司© 版权所有